000 00747nam a2200217 i 4500
001 57755
003 ES-MaACL
005 20230906163636.0
007 t|
008 031017s1959 sp ||||1| spa d
100 1 _aDubarle, André-Marie.
_945742
245 1 0 _aMaría, nueva Eva según las escrituras
_b: (los fundamentos del dogma de la Asunción) /
_cAndré-Marie Dubarle ; traducción y presentación de Alberto Colao.
260 _a[Cartagena] :
_bAthenas,
_c[1959] (
_fMarín)
300 _a117 p. ;
_c21 cm.
490 1 _aLectio Theologica ;
_v6
650 0 4 _aMariología.
_914794
700 1 _aColao, Alberto.
_939546
830 0 _aLectio Theologica ;
_v6
_9230444
852 _aES-MaACL
_jC-16277
_bR.44525
999 _c57755
_d57755